000 00543nam a2200193Ia 4500
005 20260120124628.0
008 008 260114s9999 xx 000 0 eng d
020 _a9780120246281
037 _aEBOOK
040 _aCRL
_beng
_cCRL
041 _aeng
_2eng
084 _qCRL
245 0 _aAdvances in Librarianship
260 _bEmerald Publishing
_c2004
700 _aEileen G. Abels
_9908579
856 _uhttps://www.emerald.com/insight/publication/doi/10.1016/S0065-2830(2004)28
942 _cEBOOK
999 _c1500477
_d1500477